Statistics for Oceanic Country Codes

Click here to take the quiz!

General Stats

  • This quiz has been taken 8 times
  • The average score is 11 of 14

Answer Stats

CountryCode% Correct
AustraliaAU
100%
KiribatiKI
100%
New ZealandNZ
100%
Papua New GuineaPG
100%
TongaTO
100%
FijiFJ
88%
NauruNR
88%
TuvaluTV
88%
VanuatuVU
88%
Federated States of MicronesiaFM
75%
Marshall IslandsMH
75%
PalauPW
38%
Solomon IslandsSB
38%
SamoaWS
38%

Score Distribution

Percentile by Number Answered

Percent of People with Each Score

Your Score History

You have not taken this quiz